Colección de pensamientos : (Registro nro. 7156)

Detalles MARC
000 -LIDER
fixed length control field 00709nam a2200241 a 4500
001 - NÚMERO DE CONTROL
Identificador de número de control 000007091
003 - IDENTIFICACDOR DE NÚMERO DE CONTROL
control field 000007091
005 - DATE AND TIME OF LATEST TRANSACTION
control field 20180409105632.0
008 - ELEMENTOS DE LONGITUD FIJA
fixed length control field 090904s1981 dr 001 0 spa d
040 ## - FUENTE DE CATALOGACIÓN
Agencia que crea de manera original el registro BPMSU
Idioma de catalogación spa
Agencia que realiza la transcripción BPMSU
049 ## - LOCAL HOLDINGS (OCLC)
Holding library BNPD
092 ## - LOCALLY ASSIGNED DEWEY DECIMAL CALL NUMBER
Número de clasificación xxx
Número de ítem (Cutter) C965c
100 1# - ASIENTO PRINCIPAL -- NOMBRE PERSONAL
Nombre personal Cuello, Antonio
Fechas asociadas con el nombre 1906-
245 10 - MENCIÓN DE TITULO
Título Colección de pensamientos :
Subtítulo sobre proverbio y aforismo /
Mención de responsabilidad Antonio Cuello
250 ## - MENCIÓN DE EDICION
Mención de edición 2a. ed.
260 ## - PUBLICACIÓN, DISTRIBUCIÓN, ETC. (PIE DE IMPRENTA)
Lugar de publicación, distribución, etc Santo Domingo :
Nombre del editor, distribuidor, etc. Taller,
Fecha de publicación, distribución, etc 2008
300 ## - DESCRIPCIÓN FÍSICA
Extensión 116 p. ;
Dimensiones 21 cm.
500 ## - NOTA GENERAL
Nota general Incluye datos biográficos en la página 1
500 ## - NOTA GENERAL
Nota general Incluye índice
942 ## - ADDED ENTRY ELEMENTS (KOHA)
Source of classification or shelving scheme Dewey Decimal Classification
Koha item type Libros
945 ## - INFORMACIÓN DE PROCESAMIENTO LOCAL
Información de procesamiento local remanejado para la BNPHU / BT
956 ## - LOCAL ELECTRONIC LOCATION AND ACCESS (OCLC)
Nombre de host VMATEO
Número de acceso 10
Información de compresión 20150914
Inicio de sesión BPMSU
Procesador de solicitud 0069
Existencias
Withdrawn status Lost status Source of classification or shelving scheme Damaged status Not for loan Collection code Home library Current library Date acquired Total Checkouts Barcode Date last seen Price effective from Koha item type
    Dewey Decimal Classification     Colección Dominicana Biblioteca Pública Metropolitana Salomé Ureña Biblioteca Pública Metropolitana Salomé Ureña 07/15/2014   BPMSU15040577 07/15/2014 07/15/2014 Libros